What did they write? - Statistics

General Stats
  • This quiz has been taken 10 times
  • The average score is 5 of 11
Answer Stats
Hint Answer % Correct
Thomas Hobbes Leviathan
100%
Plato The Republic
83%
Karl Marx Communist Manifesto
67%
John Stuart Mill On Utilitarianism
50%
John Stuart Mill Considerations on Representative Government
33%
Jean-Jacque Rousseau Discourse on the Origin and Basis of Inequality among Men
33%
John Locke The Second Treatise of Civil Government
33%
Karl Marx Theses on Feuerbach
33%
Karl Marx Economic and Philosophic Manuscripts of 1844
17%
Karl Marx The Germany Ideology
17%
Jeremy Bentham An Introduction to the Principles of Morals and Legislation
0%
No matching quizzes found
Score Distribution
Percent of People with Each Score
Percentile by Number Answered
Your Score History
You have not taken this quiz